| 000 | 00628nam a22001817a 4500 | ||
|---|---|---|---|
| 005 | 20251108164808.0 | ||
| 008 | 250721s1994 xx 000 0 ara d | ||
| 082 | 1 | 4 | _a616.08/محم |
| 100 | 1 | _aالشناوي، محمد محروس | |
| 245 | 1 | 0 | _aنظريات الإرشاد و العلاج النفسي / |
| 264 | 1 |
_aالقاهره : _bدار غريب للطباعة و النشر و التوزيع، _c1994. |
|
| 300 | _a495ص | ||
| 490 | 0 | _aموسوعة الإرشاد و العلاج النفسي ؛ 1 | |
| 650 | 1 | 7 | _aالطب النفسي |
| 650 | 1 | 7 | _aالعلاج النفسي |
| 942 |
_2ddc _cBK |
||
| 999 |
_c14571 _d14571 |
||